03134nam a22003017a 4500003000900000008004100009040007100050082002500121110005500146245006800201260007200269300002900341440005300370505201900423650003002442650002902472650002502501650002302526650002702549650002402576700002502600700003002625700003502655700002902690700002902719700002902748710005502777AR-CdUCM190425b ||||| |||| 00| 0 spa d aMUNICIPALIDAD PROVINCIAL DEL CUSCOcBIBLIOTECA MUNICIPAL DEL CUSCO aRev.Univ/N°133/1985 aUniversidad Nacional de San Antonio Abad del Cusco aRevista Universitaria :bÓrgano de la Universidad del Cuzco / aCusco :bUniversidad Nacional de San Antonio Abad del Cusco,c1985. a375 páginas. :c20 cm. aRevista UniversitarianAño LXXI, 1985, N°133. aContenido: Algunos insectos y ácaros de interés medico veterinario. José Escalante Gutiérrez. -- Comportamiento fisiológico del Jatacco Amaranthus Hibridus. Horacio Zamalloa Díaz Horacio. -- La producción de carnes en el departamento del Cusco y sus respectivas al año 2000. Dante Astete Canal. -- Reivindicar el ganado criollo una necesidad nacional. Mario Ruíz de Castilla Marín. -- Desechos urbanos del Cusco, problemática y alternativas. Juan Eduardo Gil Mora. -- Operación de Bricker nuestra experiencia. Humberto Covarrubias Campana. -- Exploración geotécnica del macizo rocoso para la construcción de la nueva central hidroeléctrica subterránea en Machu Picchu Cusco. Felipe Cárdenas Alemán. -- Estudio de las principales propiedades físico mecánicas de la albañilería de ladrillo en la ciudad del Cusco. Julio Rojas Bravo. -- Formación de la sociedad peruana precolombina una visión histórica. César Gonzales Mires. -- Por una reestructuración estructurante del programa académica de antropología. Oscar Murillo Serna -- Fuerza de trabajo en la comunidad campesina de Kuyo Grande. José Canal. -- La movilización social en la Arqueología. Rubén Acurio Moreno. -- Wachacuy o parto y alumbrado medicina folklorica. Nélida Silva Hurtado. -- Proceso Cultural del Perú. Rubén Bueno Pacheco. -- El mercado de contrabando y el empleo en el Cusco. Efraín Benítez Aragón. -- La protección legal del concubinato. Rolando Peralta Andía. -- Kcori Champi de Lizandro Caller la primera novela indigenista del Perú. Julio Miranda Bernal. -- La poesía Quechua y su restauración. René Farfán Barrios. -- Los múltiples aspectos del tiempo. Moisés Tello Palomino. -- El colegio de aplicación Fortunato Luciano Herrera requiere de un local modelo. Darío Olave Durán. -- Cusco pasado presente y futuro homenaje al Cusco. Manuel Chávez Ballón. -- Fundamentos de proyección social. Armando Barrionuevo Sánchez Armando. aAntropología cusqueña aArqueología cusqueña aMedicina tradicional aLiteratura quechua aComunidades campesinas aFolklore cusqueño aMurillo Serna, Oscar aChávez Ballón, Manuel aBarrionuevo Sánchez, Armando aFarfán Barrios, René aTello Palomino, Moisés aZamalloa Díaz, Horacio aUniversidad Nacional de San Antonio Abad del Cusco